Estonia stabilizes economy through a currency reform.

Rozbor ekonomických problémov Estónska pri prijatí 12 mesačného programu pomoci MMF v septembri 1992. Použitá stratégia a postupy pri implementácii programu založeného na stabilizácii s výraznou menovou reformou a na rade štruktúrnych premien. Vývoj výmenného kurzu EEK, úrokových sadzieb, devízových...

Descrizione completa

Salvato in:
Dettagli Bibliografici
Natura: Capitolo di libro
Lingua:inglese
Soggetti:
Tags: Aggiungi Tag
Nessun Tag, puoi essere il primo ad aggiungerne!!

MARC

LEADER 00000naa a2200000 4500
001 r012555
005 20221130112929.4
041 0 |a eng 
044 |a [SU] 
245 1 0 |a Estonia stabilizes economy through a currency reform. 
520 |a Rozbor ekonomických problémov Estónska pri prijatí 12 mesačného programu pomoci MMF v septembri 1992. Použitá stratégia a postupy pri implementácii programu založeného na stabilizácii s výraznou menovou reformou a na rade štruktúrnych premien. Vývoj výmenného kurzu EEK, úrokových sadzieb, devízových rezerv, zmeny v daňových sadzbách. Hlavné body ekonomického programu na obdobie júl 1992-jún 1993. 
610 2 0 |a reformy menové 
610 2 0 |a stabilizácia hospodárstva 
610 2 0 |a zmeny štruktúrne 
610 2 0 |a kurz výmenný 
610 2 0 |a sadzby daňové 
610 2 0 |a sadzby úrokové 
610 2 0 |a Estónsko 
610 2 0 |a 1992-1993 
610 2 0 |a rezervy devízové